000 01238nam0a22003251 4500
001 rc\2184834
005 20110826153743.2
035 _a(NLR Aleph) 006525767
090 _a6479487
_c6479487
100 _a20110826d1979 |||y0rusy50 ca
101 0 _arus
102 _aRU
105 _aa z |||a|
200 1 _aХвала гимнастерке
_eПовести
_e[Для сред. и ст. возраста]
_fЭдуард Корпачев
_g[Худож. М. Ветик]
210 _aМинск
_cМастац. лiт.
_d1979
215 _a190 с.
_cил.
_d17
327 1 _aСодерж.: Хвала гимнастерке; Долгое ожидание в цитадели
464 0 _12001#$aХвала гимнастерке$aДолгое ожидание в цитадели
606 _aСоветская Армия (д. л.)
_2psbo
686 _aШ9(2)6=Р72-481
_2rubbk
686 _aЩ897.58(2)Ветик,М.
_2rubbk
700 1 _aКорпачев
_bЭ. М.
_f1937-
_gЭдуард Маркович
702 1 _aВетик
_bМ.
_4440
801 0 _aRU
_bNLR
_gpsbo
801 1 _aRU
_bELAR
_2rusmarc
852 _aNLR
_j79-2/1696
899 _aRuMoRGB
_jM 79-10/848
899 _aRuMoRGB
_jM 79-10/849
942 _cBOOK
980 _aNB